| 000 | 00601nam a22001937a 4500 | ||
|---|---|---|---|
| 001 | 82719 | ||
| 003 | BD-RjUL | ||
| 005 | 20240122123116.0 | ||
| 008 | 240122s151 p ||||| |||| 00| p p d | ||
| 035 | _a(BD-RjUL)82719 | ||
| 040 |
_aBD-RjUL _beng _cBD-RjUL |
||
| 041 | _aper | ||
| 082 |
_223 _a891.551 _bABM 1951 |
||
| 245 |
_aموسوم بنام تاريخي 1339 فغان راز /mosum batarikhi 1339 Fugan i Raj / _cمحمد عبد القادر ;; Muhammad Abdul Qadir |
||
| 260 |
_aElahabad: _bAndin press, _c1951 |
||
| 300 |
_a201 p. ; _c22 cm |
||
| 650 | _aPersian Poetry | ||
| 942 |
_2ddc _cBK |
||
| 999 |
_c82719 _d82719 |
||